00414nam a2200157 a 45000010005000000030009000050080041000140400028000550820017000831000025001002450036001252600044001613000010002054900019002156500022002341401CO-ViMGA141112s2004 ck r 000 u spa d aCO-ViMGAbspacCO-ViMGA04aV863.44 U7511 aUslar Pietri, Arturo10aCuentos de la realidad mágica aSantafé de Bogotá : bNorma, c1996 a180 p aLa otra orilla14aNOVELA VENEZOLANA